000 00712nam a2200193Ii 4500
003 JO-AjNU
008 230605s9999||||xx |||||||||||||| ||und||
040 _aJO-AjNU
_bara
_erda
_cJO-AjNU
041 _aara
050 1 4 _aTT160.N3512 2007
100 3 _aالسيد، علي/ م مشارك سماح كوثراني ,
_eauthor
_930398
245 0 0 _aنمي مواهب طفلك وعلمية الصناعات الخفيفة في المنزل
264 3 1 _aبيروت:دار اليوسف،2007
300 _a150ص
_bصور توضيحية
336 _atext
_btxt
_2rdacontent
337 _aunmediated
_bn
_2rdamedia
338 _avolume
_bnc
_2rdacarrier
650 4 _aاطفال موهوبون -- تعليم.
_930399
999 _aA12046
_c15614
_d15614